[Event "6tth ch-EUR IBCA 2015"]
[Site "Lyon FRA"]
[Date "2015.08.01"]
[Round "8.29"]
[White "Duthoit, Bernard"]
[Black "Dietsche, Birgit"]
[Result "0-1"]
[WhiteElo "1372"]
[BlackElo "1487"]
[WhiteFideId "20652143"]
[BlackFideId "4637488"]
[EventDate "2015.07.25"]

1. e4 e5 2. d4 exd4 3. c3 dxc3 4. Bc4 Nc6 5. Nf3 Be7 6. e5 d6 7. exd6 cxd6 8.
O-O Nf6 9. Re1 O-O 10. Nxc3 Bg4 11. Be2 Rc8 12. Nd4 Bxe2 13. Rxe2 Nxd4 14. Qxd4
a6 15. Be3 Re8 16. Rc1 d5 17. Rec2 Bc5 18. Qd1 Bxe3 19. fxe3 h6 20. Qd2 b5 21.
Nxd5 Rxc2 22. Nxf6+ Qxf6 23. Rxc2 Qe6 24. Qc1 Qxe3+ 25. Qxe3 Rxe3 26. Kf2 Re6
27. Re2 Kf8 28. b4 Rf6+ 29. Ke3 Re6+ 30. Kd3 Ke7 31. Re3 Kd6 32. Kd4 Rxe3 33.
Kxe3 Ke5 34. g3 f5 35. h3 g6 36. h4 g5 0-1

[Event "6tth ch-EUR IBCA 2015"]
[Site "Lyon FRA"]
[Date "2015.08.01"]
[Round "8.30"]
[White "Le Brun, Yves"]
[Black "Antonic, Nenad"]
[Result "1/2-1/2"]
[WhiteElo "1396"]
[BlackElo "1450"]
[WhiteFideId "20652178"]
[BlackFideId "20601506"]
[EventDate "2015.07.25"]

1. e4 c6 2. Nc3 d5 3. exd5 cxd5 4. d4 a6 5. Nf3 Nc6 6. h3 Bf5 7. a3 e6 8. Be2
Bd6 9. Be3 Nge7 10. O-O h6 11. Qd2 Qc7 12. Nh4 Bh7 13. f4 O-O-O 14. Bd3 f5 15.
Nf3 Ng6 16. g3 Nge7 17. Qh2 Rdg8 18. Ne5 Nxe5 19. dxe5 Bc5 20. Rf3 d4 1/2-1/2

[Event "6tth ch-EUR IBCA 2015"]
[Site "Lyon FRA"]
[Date "2015.08.02"]
[Round "9.1"]
[White "Dimic, Pavle"]
[Black "Tazbir, Marcin"]
[Result "0-1"]
[WhiteTitle "FM"]
[BlackTitle "GM"]
[WhiteElo "2305"]
[BlackElo "2516"]
[WhiteFideId "937428"]
[BlackFideId "1122452"]
[EventDate "2015.07.25"]

1. d4 Nf6 2. c4 g6 3. Nf3 Bg7 4. g3 O-O 5. Bg2 d6 6. O-O Nc6 7. Nc3 a6 8. Qd3 e5
9. dxe5 dxe5 10. Qxd8 Rxd8 11. Bg5 Re8 12. Nd5 Nxd5 13. cxd5 Nb4 14. e4 c6 15.
Bd2 a5 16. dxc6 bxc6 17. a3 Nd3 18. Bc3 Nc5 19. Nd2 Na4 20. Rfd1 Nxc3 21. bxc3
a4 22. Nc4 Be6 23. Bf1 Reb8 24. Rd6 Rb3 25. Rxc6 Rxc3 26. Na5 Rc8 27. Bb5 R8xc6
28. Nxc6 Bb3 29. Nb4 Bf8 30. Nd5 Rc2 31. Nf6+ Kg7 32. Nd7 Bd6 33. Rf1 Bxa3 34.
Nb6 Bc5 35. Nxa4 Bd4 36. Rb1 Rxf2 37. Kh1 Bc2 38. Re1 Rd2 39. Bc6 Bd1 0-1

[Event "6tth ch-EUR IBCA 2015"]
[Site "Lyon FRA"]
[Date "2015.08.02"]
[Round "9.2"]
[White "Babarykin, Stanislav"]
[Black "Mueller, Oliver"]
[Result "1/2-1/2"]
[WhiteTitle "FM"]
[BlackTitle "FM"]
[WhiteElo "2357"]
[BlackElo "2269"]
[WhiteFideId "4101898"]
[BlackFideId "4633385"]
[EventDate "2015.07.25"]

1. e4 c5 2. Nf3 d6 3. d4 cxd4 4. Nxd4 Nf6 5. Nc3 Nc6 6. Bg5 Bd7 7. Qd2 Nxd4 8.
Qxd4 h6 9. Bd2 e5 10. Qe3 a6 11. Be2 Qc7 12. O-O Be6 13. Rad1 Be7 14. Qg3 g5 15.
Qd3 Qc6 16. Be3 Rc8 17. Rd2 Bc4 18. Qxc4 Qxc4 19. Bxc4 Rxc4 20. f3 Rg8 21. g4
Kd7 22. h4 gxh4 23. Bxh6 b5 24. Kh1 Rgc8 25. Rff2 Ke6 26. Rfe2 Bd8 27. Nd1 Ba5
28. c3 b4 29. cxb4 Bxb4 30. Rd3 Rc2 31. Bd2 Bc5 32. Rh2 Bd4 33. Bc3 Rc1 34. Bxd4
exd4 35. Rxd4 Nd7 36. Rhd2 R8c6 37. Kg2 Ne5 38. Ne3 h3+ 39. Kg3 Rg1+ 40. Kf4 f6
41. Nf5 Ng6+ 42. Ke3 Re1+ 43. Re2 Rxe2+ 44. Kxe2 h2 45. Rd1 Rc2+ 46. Ke3 Rxb2
47. Rxd6+ Kf7 48. Rd7+ Ke8 49. Rh7 Rxa2 50. f4 a5 51. Nd6+ Kd8 52. Nb7+ Ke8 53.
Nd6+ Kf8 54. e5 Kg8 55. Rh6 fxe5 56. f5 Nf4 57. Ke4 Re2+ 58. Kf3 Rd2 59. Nc4
Rd3+ 60. Kf2 Rh3 61. Rxh3 Nxh3+ 62. Kg2 Nf2 63. Kxh2 Nxg4+ 64. Kg3 Nh6 65. Nxa5
Nxf5+ 66. Kg4 Nd6 67. Nc6 e4 68. Kf4 1/2-1/2

[Event "6tth ch-EUR IBCA 2015"]
[Site "Lyon FRA"]
[Date "2015.08.02"]
[Round "9.3"]
[White "Stachanczyk, Jacek"]
[Black "Zsiltzova-Lisenko, Lubov"]
[Result "0-1"]
[WhiteTitle "FM"]
[BlackTitle "WIM"]
[WhiteElo "2259"]
[BlackElo "2224"]
[WhiteFideId "1116657"]
[BlackFideId "14101360"]
[EventDate "2015.07.25"]

1. e4 c5 2. Nf3 d6 3. d4 cxd4 4. Nxd4 Nf6 5. Nc3 a6 6. Bg5 e6 7. f4 Be7 8. Qf3
Nbd7 9. O-O-O Qc7 10. g4 h6 11. Bxf6 Bxf6 12. Kb1 g5 13. e5 dxe5 14. Nxe6 fxe6
15. fxg5 Bxg5 16. Ne4 Rf8 17. Qh3 Bf4 18. Qh5+ Ke7 19. Qg6 Nf6 20. Bg2 Nxe4 21.
Bxe4 Bd7 22. h4 Bc6 23. g5 Bxe4 24. Qxe4 Qc6 25. Qh7+ Rf7 26. Qxh6 Rc8 27. Qg6
e4 28. c3 e3 29. Rhe1 Qb5 30. Qh5 Rxc3 31. Qh8 Rd3 32. a4 Qd5 33. Rxd3 Qxd3+ 34.
Ka1 Qc4 0-1

[Event "6tth ch-EUR IBCA 2015"]
[Site "Lyon FRA"]
[Date "2015.08.02"]
[Round "9.4"]
[White "Meshkov, Yuri A."]
[Black "Rositsan, Boris"]
[Result "1-0"]
[WhiteTitle "IM"]
[BlackTitle "FM"]
[WhiteElo "2349"]
[BlackElo "2051"]
[WhiteFideId "4107101"]
[BlackFideId "12802158"]
[EventDate "2015.07.25"]

1. Nf3 Nf6 2. c4 g6 3. Nc3 Bg7 4. e4 d6 5. d4 O-O 6. h3 Nbd7 7. Be3 e5 8. d5 Nc5
9. Qc2 a5 10. g4 b6 11. Rg1 Bd7 12. O-O-O Qe8 13. Nd2 Qb8 14. Be2 Qc8 15. Nf1 a4
16. Ng3 a3 17. b3 Na6 18. Kb1 Ne8 19. Qd2 Qd8 20. Rh1 c6 21. h4 Nb4 22. dxc6
Nxc6 23. Nb5 f5 24. gxf5 gxf5 25. Bg5 Qb8 26. Qd5+ Kh8 27. Nxd6 Nc7 28. Nf7+
Rxf7 29. Qxf7 Be6 30. Qh5 Nd4 31. Rxd4 exd4 32. exf5 Nb5 33. f6 Nc3+ 34. Ka1
Nxe2 35. fxg7+ Kg8 36. Qxe2 Qd6 37. Re1 Bf7 38. Qe7 Qg6 39. Ne4 d3 40. h5 Qxg7+
41. Bf6 Qg4 42. Bc3 Qe2 43. Rg1+ Bg6 44. Qg7# 1-0

[Event "6tth ch-EUR IBCA 2015"]
[Site "Lyon FRA"]
[Date "2015.08.02"]
[Round "9.5"]
[White "Pribeanu, Mihail-Dacian"]
[Black "Ross, Chris N"]
[Result "0-1"]
[WhiteTitle "FM"]
[BlackTitle "CM"]
[WhiteElo "2120"]
[BlackElo "2184"]
[WhiteFideId "1209094"]
[BlackFideId "410411"]
[EventDate "2015.07.25"]

1. e4 c5 2. Nc3 Nc6 3. g3 g6 4. Bg2 Bg7 5. d3 Rb8 6. f4 d6 7. Nf3 b5 8. a3 Nd4
9. h3 a5 10. O-O b4 11. axb4 axb4 12. Ne2 Nxf3+ 13. Rxf3 e6 14. d4 cxd4 15. Nxd4
Qb6 16. Be3 Qc7 17. f5 e5 18. fxg6 hxg6 19. Ra7 Qxa7 20. Nb5 Qe7 21. Nxd6+ Kf8
22. Nxf7 Nf6 23. Nxh8 Bxh8 24. Qd5 Kg7 25. Qd3 Kh7 26. Rf2 Bg7 27. Bg5 Qe6 28.
Qd8 Nd7 29. Kh2 Bb7 30. Qc7 Bc6 31. h4 Rb7 32. Qa5 Qc4 33. Qd8 Nc5 34. b3 Qd4
35. Qxd4 exd4 36. Bf6 Nxe4 37. Bxe4 Bxe4 38. Bxg7 Kxg7 39. Rd2 Rd7 40. g4 Kf6
41. Kg3 Ke5 0-1

[Event "6tth ch-EUR IBCA 2015"]
[Site "Lyon FRA"]
[Date "2015.08.02"]
[Round "9.6"]
[White "Pakhomov, Alexey"]
[Black "Komissarov, Alexey"]
[Result "1-0"]
[WhiteTitle "IM"]
[WhiteElo "2346"]
[BlackElo "2191"]
[WhiteFideId "4129016"]
[BlackFideId "4176545"]
[EventDate "2015.07.25"]

1. d4 Nf6 2. Bg5 Ne4 3. Bf4 d5 4. f3 Nf6 5. Nc3 e6 6. e4 Be7 7. Qd2 O-O 8. Bd3
a6 9. Nge2 b5 10. exd5 exd5 11. O-O Nbd7 12. Ng3 Nb6 13. b3 b4 14. Nce2 g6 15.
a3 bxa3 16. Qc3 c5 17. dxc5 d4 18. Qa5 Nbd5 19. Qxd8 Rxd8 20. Bd6 Bxd6 21. cxd6
Ne3 22. Rfc1 Rxd6 23. Rxa3 Bd7 24. Nf1 Nxf1 25. Rxf1 Rc8 26. Rd1 Bb5 27. Ra2 Kg7
28. Kf2 Bd7 29. Rd2 Rcc6 30. Bc4 Rb6 31. Rxd4 Bc8 32. Ra5 Nd7 33. c3 Bb7 34. b4
Nb8 35. Rc5 Rxd4 36. Nxd4 Nc6 37. Nb3 Kf6 38. Na5 Nxa5 39. Rxa5 Rd6 40. Ke3 h5
41. Rc5 h4 42. Rc7 Rc6 43. Rxc6+ Bxc6 44. Bxa6 1-0

[Event "6tth ch-EUR IBCA 2015"]
[Site "Lyon FRA"]
[Date "2015.08.02"]
[Round "9.7"]
[White "Wassin, Sergej"]
[Black "Hervais, Adrien"]
[Result "1-0"]
[WhiteTitle "FM"]
[WhiteElo "2298"]
[BlackElo "2029"]
[WhiteFideId "14103494"]
[BlackFideId "612294"]
[EventDate "2015.07.25"]

1. d4 d5 2. c4 e6 3. Nf3 Nf6 4. g3 Be7 5. Bg2 O-O 6. O-O dxc4 7. Ne5 Nc6 8. Bxc6
bxc6 9. Nxc6 Qe8 10. Nxe7+ Qxe7 11. Qa4 e5 12. dxe5 Qxe5 13. Qxc4 Be6 14. Nc3
Bg4 15. Qd3 Rfe8 16. f3 Rad8 17. Qb5 Qd4+ 18. Rf2 Bh3 19. Bg5 Rb8 20. Qa4 Qxa4
21. Nxa4 Nd5 22. e4 Nb4 23. Rd2 h6 24. Bf4 Red8 25. Rad1 Rxd2 26. Rxd2 Nxa2 27.
Bxc7 Rb3 28. Kf2 Nc1 29. Bd6 Rb5 30. Nc5 Nb3 31. Nxb3 Rxb3 32. Be5 Be6 33. f4 f5
34. Rd8+ Kf7 35. exf5 Bxf5 36. Ra8 Rb7 37. Bd4 Ke6 38. Rxa7 Rxa7 39. Bxa7 Kd5
40. b4 Bh3 41. Kf3 h5 42. Bf2 g6 43. b5 Bf5 44. b6 Kc6 45. Bd4 Kb7 46. Ke3 Kc6
47. Kd2 Kb7 48. Kc3 Kc6 49. Kb4 Bc8 50. Ka5 Bb7 51. Be5 Kd5 52. Kb4 Kc6 53. Bc7
Ba6 54. Kc3 Kd5 55. Kd2 Ke4 56. h3 Bc8 57. Ke2 Kf5 58. Ke3 Ba6 59. Kd4 Bb7 60.
Kc5 Ba8 61. Kd6 Bf3 62. Bd8 Ke4 63. b7 1-0

[Event "6tth ch-EUR IBCA 2015"]
[Site "Lyon FRA"]
[Date "2015.08.02"]
[Round "9.8"]
[White "Dukaczewski, Piotr"]
[Black "Grigorchuk, Sergey"]
[Result "1-0"]
[WhiteTitle "IM"]
[BlackTitle "CM"]
[WhiteElo "2237"]
[BlackElo "2295"]
[WhiteFideId "1103520"]
[BlackFideId "14114879"]
[EventDate "2015.07.25"]

1. c4 e6 2. Nf3 d5 3. e3 Nf6 4. Nc3 c5 5. cxd5 exd5 6. d4 Nc6 7. Be2 Bd6 8. Nb5
Be7 9. dxc5 Bxc5 10. O-O O-O 11. b3 Qe7 12. Bb2 Rd8 13. Rc1 Ne4 14. Nbd4 Bb6 15.
Bd3 Bd7 16. Qe2 Rac8 17. h3 Nb4 18. Bb1 Rxc1 19. Rxc1 Rc8 20. Rxc8+ Bxc8 21. a3
Nc6 22. b4 Bd7 23. Ba2 Nf6 24. Nc2 Be6 25. Qd3 Qd8 26. b5 Na5 27. Bxf6 gxf6 28.
Bb1 h6 29. Ncd4 Kf8 30. Bc2 Qc7 31. a4 Nc4 32. Qh7 Ke7 33. Nxe6 Kxe6 34. Qf5+
Ke7 35. Qxd5 Ne5 36. Nxe5 fxe5 37. Be4 Qc1+ 38. Kh2 Qc7 39. g4 Ba5 40. Qxb7 Qxb7
41. Bxb7 f6 42. Kg2 Kd6 43. Kf3 Be1 44. Ke2 Ba5 45. h4 Kc5 46. Be4 Kb4 47. Bc2
Kc5 48. Bd1 Kc4 49. f4 Kd5 50. g5 1-0

[Event "6tth ch-EUR IBCA 2015"]
[Site "Lyon FRA"]
[Date "2015.08.02"]
[Round "9.9"]
[White "Spinu, Evgeny"]
[Black "Jandric, Damjan"]
[Result "1-0"]
[WhiteTitle "FM"]
[BlackTitle "CM"]
[WhiteElo "2210"]
[BlackElo "2122"]
[WhiteFideId "13902784"]
[BlackFideId "921475"]
[EventDate "2015.07.25"]

1. e4 c5 2. c3 d5 3. exd5 Qxd5 4. d4 Nf6 5. Nf3 Bg4 6. Be2 Nc6 7. c4 Qd6 8. d5
Ne5 9. O-O Ned7 10. h3 Bh5 11. Nc3 a6 12. Re1 g5 13. Nxg5 Bxe2 14. Qxe2 Rg8 15.
Nge4 Qb6 16. b3 O-O-O 17. Bf4 Nxe4 18. Qxe4 Qg6 19. Qxg6 Rxg6 20. Rac1 Nf6 21.
Re5 e6 22. Bg5 Nd7 23. Bxd8 Nxe5 24. Bg5 Be7 25. Rd1 Nd7 26. dxe6 fxe6 27. Ne4
b6 28. Be3 Kc7 29. g4 Kc6 30. Kg2 b5 31. f4 bxc4 32. bxc4 Nb6 33. Bd2 Rg8 34.
Re1 Kd7 35. Rb1 Kc6 36. Kf3 Rd8 37. Ke2 Bd6 38. Ba5 Bc7 39. Bxb6 Bxb6 40. Nd2
Rb8 41. Nf3 Rf8 42. Ke3 Re8 43. Ke4 Ba5 44. Ne5+ Kc7 45. Rb3 Be1 46. Nd3 1-0

[Event "6tth ch-EUR IBCA 2015"]
[Site "Lyon FRA"]
[Date "2015.08.02"]
[Round "9.10"]
[White "Draghici Flutur, Gavril"]
[Black "Kasimov, Rustam"]
[Result "0-1"]
[WhiteElo "2125"]
[BlackElo "2196"]
[WhiteFideId "1206508"]
[BlackFideId "4194071"]
[EventDate "2015.07.25"]

1. e4 d5 2. exd5 Qxd5 3. Nc3 Qd6 4. d4 Nf6 5. Nf3 a6 6. g3 b5 7. Bg2 Bb7 8. O-O
e6 9. Bf4 Qb6 10. a4 Bd6 11. Bg5 Nbd7 12. Qe2 b4 13. a5 Qa7 14. Na4 O-O 15. c4
bxc3 16. bxc3 h6 17. Bd2 c5 18. dxc5 Nxc5 19. Be3 Bc6 20. Rfd1 Be7 21. Nb6 Rad8
22. Qc4 Bd5 23. Nxd5 exd5 24. Qe2 Nfe4 25. Bd4 Bf6 26. Ne5 Qc7 27. f4 Nb3 28.
Bb6 Qxc3 29. Bxd8 Rxd8 30. Bxe4 Nxa1 31. Bxd5 Qc5+ 32. Qf2 Rxd5 33. Qxc5 Rxc5
34. Rxa1 Bxe5 35. fxe5 Rxe5 36. Kf2 f5 37. Kf3 g5 38. h4 Kf7 39. hxg5 hxg5 40.
Ra3 Kf6 41. Ra2 Kg6 42. Ra3 Rc5 43. Ke3 Kh5 44. Kf3 Rb5 45. Ra4 Kg6 46. Ra3 Kf6
47. Ke2 Ke5 48. Ke3 Kd5 49. Kd3 Rb4 50. Ke3 Re4+ 51. Kf3 g4+ 52. Kf2 Kc5 53. Ra2
Kb5 54. Kg2 Re5 55. Kf2 Kb4 56. Ra1 Rxa5 57. Rb1+ Kc4 0-1

[Event "6tth ch-EUR IBCA 2015"]
[Site "Lyon FRA"]
[Date "2015.08.02"]
[Round "9.11"]
[White "Fernandez Manrique, Agustin"]
[Black "Mlacnik, Franc"]
[Result "0-1"]
[WhiteElo "2183"]
[BlackElo "2048"]
[WhiteFideId "2231000"]
[BlackFideId "14601923"]
[EventDate "2015.07.25"]

1. c4 e6 2. g3 f5 3. Bg2 Nf6 4. Nf3 c6 5. O-O d5 6. d3 Bd6 7. Nc3 O-O 8. e4 Nbd7
9. cxd5 cxd5 10. exf5 exf5 11. Nd4 Nb6 12. Qb3 Be5 13. Nce2 Bd7 14. Bf4 Re8 15.
Rfe1 Rc8 16. Bxe5 Rxe5 17. a4 Bxa4 18. Rxa4 Nxa4 19. Qxa4 Qb6 20. Nf3 Re7 21.
Qd4 Rc2 22. Qxb6 axb6 23. Ned4 Rxe1+ 24. Nxe1 Rxb2 25. Nxf5 Kf7 26. Bh3 b5 27.
Nd6+ Ke7 28. Nxb7 b4 29. Nf3 b3 30. Nd4 Rb1+ 31. Kg2 b2 32. Nc6+ Kf8 0-1

[Event "6tth ch-EUR IBCA 2015"]
[Site "Lyon FRA"]
[Date "2015.08.02"]
[Round "9.12"]
[White "Schellmann, Frank"]
[Black "Nizam, Rasim"]
[Result "0-1"]
[WhiteTitle "CM"]
[BlackTitle "IM"]
[WhiteElo "2093"]
[BlackElo "2180"]
[WhiteFideId "4669916"]
[BlackFideId "2906708"]
[EventDate "2015.07.25"]

1. e4 e6 2. d4 d5 3. e5 c5 4. c3 Nc6 5. Nf3 Bd7 6. Be2 Nge7 7. Na3 cxd4 8. cxd4
Nf5 9. Nc2 Be7 10. O-O Qb6 11. Kh1 Rc8 12. Rb1 a5 13. g4 Nh4 14. Nxh4 Bxh4 15.
Be3 Be7 16. f4 Nb4 17. Nxb4 Qxb4 18. Qd3 O-O 19. Rf3 f6 20. exf6 Bxf6 21. g5 Be7 0-1

[Event "6tth ch-EUR IBCA 2015"]
[Site "Lyon FRA"]
[Date "2015.08.02"]
[Round "9.13"]
[White "Cajzler, Hinko"]
[Black "Riegler, Dieter"]
[Result "1/2-1/2"]
[WhiteElo "2135"]
[BlackElo "2095"]
[WhiteFideId "14501376"]
[BlackFideId "4606426"]
[EventDate "2015.07.25"]

1. c4 g6 2. Nc3 Bg7 3. g3 c5 4. Bg2 Nc6 5. d3 d6 6. e4 e6 7. Nge2 Nge7 8. Be3
Nd4 9. Rb1 Nec6 10. O-O O-O 11. a3 a5 12. h3 Qd7 13. f4 f5 14. Kh2 Rb8 15. Bxd4
Nxd4 16. Nxd4 cxd4 17. Qe2 Kh8 18. exf5 Qe7 19. Rbc1 Bd7 20. Nb5 Bc6 21. Rb1
Bxg2 22. Qxg2 gxf5 23. Qe2 Rbd8 24. Rbe1 Rfe8 25. Rf2 e5 26. Qd2 b6 27. b3 h6
28. a4 Kh7 29. Na3 Bf6 30. Rg1 Kh8 31. Nb1 exf4 32. gxf4 Rg8 33. Rfg2 Rxg2+ 34.
Rxg2 Rg8 35. Qf2 Rxg2+ 36. Qxg2 Qe8 37. Qf2 Qh5 38. Kg2 Kh7 39. Qf3 Qe8 40. Kf1
Bh4 1/2-1/2

[Event "6tth ch-EUR IBCA 2015"]
[Site "Lyon FRA"]
[Date "2015.08.02"]
[Round "9.14"]
[White "Dalschaert, Didier"]
[Black "Clemente Llamero, Roberto"]
[Result "0-1"]
[WhiteElo "1836"]
[BlackElo "2076"]
[WhiteFideId "214019"]
[BlackFideId "2257696"]
[EventDate "2015.07.25"]

1. e4 c5 2. Nf3 d6 3. d4 cxd4 4. Nxd4 Nf6 5. Nc3 a6 6. Be2 e5 7. Nb3 Be7 8. O-O
O-O 9. f4 b5 10. a3 Bb7 11. Bf3 Nbd7 12. Be3 Rc8 13. Qd2 Qc7 14. f5 Nb6 15. Na5
Nc4 16. Nxc4 Qxc4 17. Bg5 h6 18. Bxf6 Bxf6 19. Qxd6 Qd4+ 20. Qxd4 exd4 21. e5
Bxf3 22. exf6 Ba8 23. fxg7 Kxg7 24. Ne2 Rc7 25. f6+ Kh7 26. Nf4 Rxc2 27. Rf2
Rxf2 28. Kxf2 Rc8 29. Ke2 Rc2+ 30. Kd3 Rf2 31. g3 Rxh2 32. Kxd4 Rc2 33. Re1 Rc4+
34. Kd3 Rc6 35. Re8 Rd6+ 36. Ke3 Bh1 37. Nh5 Kg6 38. g4 Re6+ 39. Rxe6 fxe6 40.
Kf4 a5 41. Ke5 Kf7 42. Nf4 Bd5 43. Nd3 Bc4 44. Nc5 Bd5 45. Na6 Bf3 46. Nc7 b4
47. axb4 axb4 48. Nxe6 Bxg4 49. Nf4 b3 50. Nd3 Be2 51. Nf2 Bb5 52. Kd4 Bd7 53.
Kc3 Be6 54. Nd3 Kxf6 55. Nf4 Bf7 56. Nd3 Kf5 57. Nf2 h5 58. Nh3 h4 59. Nf2 Bg8
60. Kd2 Kf4 61. Nh3+ Kg3 62. Ng5 h3 63. Ne4+ Kg2 0-1

[Event "6tth ch-EUR IBCA 2015"]
[Site "Lyon FRA"]
[Date "2015.08.02"]
[Round "9.15"]
[White "Znuderl, Matej"]
[Black "Prpic, Milan"]
[Result "1-0"]
[WhiteElo "2000"]
[BlackElo "1839"]
[WhiteFideId "14604337"]
[BlackFideId "14521270"]
[EventDate "2015.07.25"]

1. e4 c5 2. Nf3 d6 3. d4 cxd4 4. Qxd4 Nc6 5. Qe3 Nf6 6. h3 g6 7. Be2 h5 8. b3
Bh6 9. Ng5 Nh7 10. Qc3 Nf6 11. O-O Bd7 12. Bc4 Ne5 13. f4 Nxc4 14. Qxc4 O-O 15.
Be3 a6 16. Qd3 Bg7 17. Bd4 Bc6 18. Nc3 e6 19. Rad1 Qc7 20. Ne2 Rfd8 21. Qe3 Qe7
22. c4 b5 23. Bb6 Rdc8 24. e5 Ne8 25. exd6 Nxd6 26. Bc5 Nf5 27. Qf2 Qb7 28. g4
hxg4 29. hxg4 Nh6 30. Qg3 bxc4 31. b4 a5 32. Bd4 axb4 33. Bxg7 Kxg7 34. f5 exf5
35. gxf5 Rh8 36. Qe5+ Kg8 37. fxg6 Re8 38. Qg3 f5 39. Nd4 Ng4 40. Nh7 Re3 41.
Qd6 Rxh7 42. gxh7+ Qxh7 43. Nxc6 Qh3 44. Qg6+ 1-0

[Event "6tth ch-EUR IBCA 2015"]
[Site "Lyon FRA"]
[Date "2015.08.02"]
[Round "9.16"]
[White "Muri, Emil"]
[Black "Bindzus, Ernst"]
[Result "1/2-1/2"]
[WhiteElo "1951"]
[BlackElo "1890"]
[WhiteFideId "14601354"]
[BlackFideId "1411950"]
[EventDate "2015.07.25"]

1. e4 c5 2. Nf3 g6 3. Nc3 Bg7 4. d4 cxd4 5. Nxd4 Nc6 6. Be3 Nf6 7. Bc4 Qa5 8.
Nb3 Qb4 9. Bd3 Nxe4 10. Bxe4 Bxc3+ 11. bxc3 Qxe4 12. O-O O-O 13. Re1 Qh4 14. Qd2
d6 15. Bg5 Qg4 1/2-1/2

[Event "6tth ch-EUR IBCA 2015"]
[Site "Lyon FRA"]
[Date "2015.08.02"]
[Round "9.17"]
[White "Schmeisser, Andre"]
[Black "Martinez Colomar, Alejandro"]
[Result "1/2-1/2"]
[WhiteElo "1740"]
[BlackElo "1853"]
[WhiteFideId "634107"]
[BlackFideId "32031491"]
[EventDate "2015.07.25"]

1. e4 c5 2. Nf3 d6 3. d4 cxd4 4. Nxd4 Nf6 5. f3 g6 6. c4 Bg7 7. Nc3 O-O 8. Be3
Nc6 9. Be2 Qb6 10. Qd2 Nxd4 11. Bxd4 Qa5 12. O-O Be6 13. Rfd1 Qc7 14. Nd5 1/2-1/2

[Event "6tth ch-EUR IBCA 2015"]
[Site "Lyon FRA"]
[Date "2015.08.02"]
[Round "9.18"]
[White "Murgia, Stefano"]
[Black "Klimis, Laertis"]
[Result "0-1"]
[WhiteElo "1705"]
[BlackElo "1864"]
[WhiteFideId "876011"]
[BlackFideId "4206983"]
[EventDate "2015.07.25"]

1. e4 e6 2. d4 d5 3. Nc3 Nf6 4. e5 Nfd7 5. f4 c5 6. Nf3 Nc6 7. Be3 a6 8. Qd2 b5
9. a3 Qa5 10. Ra2 Qb6 11. Nd1 b4 12. c3 bxa3 13. bxa3 c4 14. Be2 Qa5 15. O-O g6
16. Nf2 Rb8 17. Bd1 Rb1 18. Qc2 Rb3 19. Qe2 Rxa3 20. Rb2 Qxc3 21. Bc1 Nxd4 22.
Nxd4 Qxd4 23. Kh1 Qa7 24. Rb1 Ra5 25. Bd2 Ra2 26. Qe1 Bc5 27. Bg4 c3 28. Bxc3
Bxf2 0-1

[Event "6tth ch-EUR IBCA 2015"]
[Site "Lyon FRA"]
[Date "2015.08.02"]
[Round "9.19"]
[White "Pirosca, Alexandru"]
[Black "Hilton, Stephen H"]
[Result "1/2-1/2"]
[WhiteElo "2003"]
[BlackElo "1880"]
[WhiteFideId "1211110"]
[BlackFideId "415030"]
[EventDate "2015.07.25"]

1. e4 e6 2. d4 d5 3. Nc3 dxe4 4. Nxe4 Bd7 5. Nf3 Bc6 6. Bd3 Nd7 7. Qe2 h6 8. Bf4
Ngf6 9. O-O-O Nxe4 10. Bxe4 Bxe4 11. Qxe4 c6 12. Rhe1 Nf6 13. Qe2 Be7 14. Ne5
O-O 15. g4 Nd5 16. Bd2 1/2-1/2

[Event "6tth ch-EUR IBCA 2015"]
[Site "Lyon FRA"]
[Date "2015.08.02"]
[Round "9.20"]
[White "Tonteri, Ari"]
[Black "Steinhart, Matthias"]
[Result "1-0"]
[WhiteElo "1938"]
[BlackElo "1768"]
[WhiteFideId "503479"]
[BlackFideId "24615340"]
[EventDate "2015.07.25"]

1. d4 d5 2. c4 Nc6 3. Nf3 Bg4 4. Nc3 e6 5. e3 Nf6 6. Bd3 Bb4 7. O-O O-O 8. h3
Bxf3 9. Qxf3 Bxc3 10. bxc3 e5 11. cxd5 Qxd5 12. e4 Qd6 13. a4 Rfe8 14. Ba3 Qd8
15. d5 Ne7 16. Rfd1 a6 17. c4 Ng6 18. c5 Rb8 19. Bc4 b6 20. cxb6 Rxb6 21. a5 Rb8
22. Bxa6 Nh4 23. Qe2 Qd7 24. Bc5 Rb3 25. Rd3 Reb8 26. Rxb3 Rxb3 27. Be3 Rb4 28.
Bd3 Nxe4 29. f3 Nd6 30. a6 Rb8 31. a7 Ra8 32. Rb1 Qd8 33. Bg5 Qxg5 34. Rb8+ Ne8
35. Rxa8 Qc1+ 36. Qf1 Qe3+ 37. Kh1 1-0

[Event "6tth ch-EUR IBCA 2015"]
[Site "Lyon FRA"]
[Date "2015.08.02"]
[Round "9.21"]
[White "Holmela, Kari"]
[Black "Carapit, Vasile"]
[Result "1/2-1/2"]
[WhiteElo "1871"]
[BlackElo "1768"]
[WhiteFideId "505528"]
[BlackFideId "1215140"]
[EventDate "2015.07.25"]

1. d4 e6 2. Nf3 d5 3. g3 Nf6 4. Bg2 Be7 5. O-O O-O 6. Re1 c6 7. Nbd2 Nbd7 8. c4
Re8 9. b3 h6 10. Bb2 Bd6 11. c5 Bc7 12. b4 a5 13. a3 e5 14. dxe5 Nxe5 15. Qc2
Bg4 16. h3 Bh5 17. Nxe5 Bxe5 18. Bxe5 Rxe5 19. e3 Bg6 20. Qb2 Re7 21. Rac1 1/2-1/2

[Event "6tth ch-EUR IBCA 2015"]
[Site "Lyon FRA"]
[Date "2015.08.02"]
[Round "9.22"]
[White "Deville, Olivier"]
[Black "Nedu, Razvan"]
[Result "0-1"]
[WhiteElo "1868"]
[BlackElo "1551"]
[WhiteFideId "624160"]
[BlackFideId "1246119"]
[EventDate "2015.07.25"]

1. c4 e6 2. Nf3 Nf6 3. g3 g6 4. Bg2 Bg7 5. O-O O-O 6. d4 h6 7. Qc2 d5 8. Nbd2 b6
9. e4 Bb7 10. cxd5 exd5 11. e5 Nfd7 12. e6 fxe6 13. Qxg6 Qf6 14. Qxf6 Rxf6 15.
Nb3 c5 16. dxc5 Nxc5 17. Nxc5 bxc5 18. Bf4 Nd7 19. Rac1 Rc8 20. Ne5 Nxe5 21.
Bxe5 Rf7 22. Bxg7 Kxg7 23. Rfe1 Kf6 24. Bh3 Re7 25. f4 d4 26. b3 Bd5 27. Re5
Rcc7 28. Rce1 c4 29. bxc4 Bxc4 30. a4 Bb3 31. a5 d3 32. f5 d2 0-1

[Event "6tth ch-EUR IBCA 2015"]
[Site "Lyon FRA"]
[Date "2015.08.02"]
[Round "9.23"]
[White "Morariu, Ionel"]
[Black "Gasperoni, Claudio"]
[Result "1-0"]
[WhiteElo "1863"]
[BlackElo "1867"]
[WhiteFideId "1220713"]
[BlackFideId "825450"]
[EventDate "2015.07.25"]

1. Nf3 d5 2. g3 c5 3. Bg2 Nc6 4. O-O e5 5. d3 Nf6 6. Nbd2 Bd6 7. e4 d4 8. Nc4
Bc7 9. Ne1 b5 10. Nd2 O-O 11. f4 Ng4 12. Ndf3 c4 13. h3 Ne3 14. Bxe3 dxe3 15.
fxe5 Nxe5 16. Kh2 cxd3 17. cxd3 Ba6 18. d4 Nxf3+ 19. Rxf3 e2 20. Qd2 Qd6 21. Nc2
Rae8 22. Qxe2 b4 23. Qe1 Qg6 24. Re3 Bb7 25. Nxb4 f5 26. exf5 Rxe3 27. Qxe3 Qxf5
28. Bxb7 Qb5 29. Qb3+ Kh8 30. Nd3 Qg5 31. Rg1 Qe3 32. Ne5 1-0